| 000 | 00000nam##2200000za#4500 |
| 001 | 9.608726 |
| 003 | CaOODSP |
| 005 | 20200401044232 |
| 007 | ta |
| 008 | 150406|1993||||xxc||||| f|0| 0 eng|d |
| 020 | |a0-662-20381-X |
| 022 | |a1188-8903 |
| 040 | |aCaOODSP|beng |
| 043 | |an-cn--- |
| 086 | 1 |aEn1-17/5-1993E |
| 110 | 1 |aCanada. |bEnvironment Canada. |bEnvironmental Protection Service. |
| 245 | 10|aIndustrial wastewater: mobile prototype of a rotary press for dewatering industrial sludges / |cby Francine Fortin and André Poulin. |
| 260 | |bEnvironment Canada. |c1993. |
| 300 | |a4p. : |bcoloured figs., tables ; |c28 cm. |
| 490 | 1 |aSt. Lawrence technologies|x1188-8903 |
| 563 | |aPamphlet |
| 590 | |a95-29|b1995-07-21 |
| 690 | 07|aWaste management|2gcpds |
| 720 | 1 |aFortin, Francine |
| 720 | 1 |aPoulin, André |
| 775 | 08|tEaux usées industrielles: prototype mobile de pressoir rotatif pour la déshydratation des boues industrielles / |w(CaOODSP)9.620800 |
| 776 | 0#|tIndustrial wastewater. Mobile prototype of a rotary press for dewatering industrial sludges |w(CaOODSP)9.571184 |
| 830 | #0|aSt. Lawrence technologies,|x1188-8903|w(CaOODSP)9.514532 |